000 00577cam a22002054a 4500
001 11809157
005 20240216061010.0
008 991013s2000 enka b 001 0 eng
020 _a0415208920 (alk. paper)
040 _aDLC
_cDLC
_dDLC
082 0 0 _a320.
_221
_bRET.
100 1 _aSmith, Mark J.,
245 1 0 _aRethinking state theory /
_cMark J. Smith.
250 _a1st.
260 _aLondon ;
_aNew York :
_bRoutledge,
_c2000.
300 _axiv, 281 p. :
650 0 _aState, The.
856 4 2 _uhttp://www.loc.gov/catdir/enhancements/fy0650/99053000-d.html
942 _cL
999 _c420
_d420